Mexican States - Statistics

General Stats
  • This quiz has been taken 596 times
  • The average score is 20 of 32
Answer Stats
Answer % Correct
Baja California
93%
Mexico City
87%
Chihuahua
85%
Mexico
82%
Yucatan
82%
Baja California Sur
77%
Sonora
73%
Oaxaca
71%
Jalisco
68%
Chiapas
65%
Sinaloa
65%
Tabasco
64%
Veracruz
64%
Aguascalientes
62%
Nuevo Leon
62%
Quintana Roo
62%
Durango
61%
Puebla
58%
Guerrero
56%
Zacatecas
55%
Coahuila
54%
Tamaulipas
54%
Campeche
53%
Michoacan
52%
Hidalgo
50%
San Luis Potosi
50%
Colima
49%
Guanajuato
49%
Nayarit
49%
Queretaro
44%
Tlaxcala
42%
Morelos
41%
No matching quizzes found
Score Distribution
Percent of People with Each Score
Percentile by Number Answered
Your Score History
You have not taken this quiz